000 00386nam a2200145Ia 4500
008 230711s9999||||xx |||||||||||||| ||und||
041 _aENG
082 _a621
_bCO-O
100 _aCoddington A
245 3 _aAn introduction to ordinary differential equational
250 _a1st
260 _c1987
_aNew Delhi
_bPrentice-Hall of India Private Limited
650 _aMathematics
942 _cBK
999 _c553
_d553